000 00319nam a22001097a 4500
999 _c15194
_d15194
008 200305b ||||| |||| 00| 0 eng d
245 _aInternet safety tips Safer Internet Day 2019.
260 _aPhilippines;
_bManila Bulletin,
_c©2019.
300 _apage B-5;
_c29.5cm.
650 _aInternet.
_941963
942 _2ddc
_cPER